Erec y Enide (Record no. 4666)

MARC details
000 -CABECERA
campo de control de longitud fija 02514nam a2200265 a 4500
001 - NÚMERO DE CONTROL
campo de control 991025953549706706
005 - FECHA Y HORA DE LA ÚLTIMA TRANSACCIÓN
campo de control 20250514140816.0
008 - DATOS DE LONGITUD FIJA--INFORMACIÓN GENERAL
campo de control de longitud fija 040618s2003 spc|||||| 000 f|spa
020 ## - NÚMERO INTERNACIONAL ESTÁNDAR DEL LIBRO
Número Internacional Estándar del Libro 9788497594455
035 ## - NÚMERO DE CONTROL DEL SISTEMA
Número de control de sistema (ES-BaCBU).b31541252
035 ## - NÚMERO DE CONTROL DEL SISTEMA
Número de control de sistema (OCoLC)803668027
040 ## - FUENTE DE LA CATALOGACIÓN
Centro catalogador/agencia de origen ES-BaBC
Lengua de catalogación cat
Centro/agencia transcriptor ES-BaBC
041 ## - CÓDIGO DE LENGUA
Código de lengua del texto/banda sonora o título independiente spa
050 ## - SIGNATURA TOPOGRÁFICA DE LA BIBLIOTECA DEL CONGRESO
Número de clasificación PQ6672.A89
Número de documento/Ítem E74 2002
100 ## - ENTRADA PRINCIPAL--NOMBRE DE PERSONA
Nombre de persona Vázquez Montalbán, Manuel
Fechas asociadas al nombre 1939-2003
9 (RLIN) 7773
Término indicativo de función/relación author
245 10 - MENCIÓN DE TÍTULO
Título Erec y Enide
Mención de responsabilidad, etc. / Manuel Vázquez Montalbán.
260 ## - PUBLICACIÓN, DISTRIBUCIÓN, ETC.
Lugar de publicación, distribución, etc. Barcelona :
Nombre del editor, distribuidor, etc. Debolsillo,
Fecha de publicación, distribución, etc. 2003.
300 ## - DESCRIPCIÓN FÍSICA
Extensión 252 pages ;
Dimensiones 19 cm
490 ## - MENCIÓN DE SERIE
Mención de serie Best seller ;
Designación de volumen o secuencia 511
490 ## - MENCIÓN DE SERIE
Mención de serie Biblioteca Manuel Vázquez Montalbán ;
Designación de volumen o secuencia 1
520 ## - SUMARIO, ETC.
Sumario, etc. Tres historias que se entrecruzan; tres narraciones independientes que comparten y escenifican el mismo tópico común: la soledad. La soledad de Madrona, mujer de la alta burguesía barcelonesa en sus intentos por reunificar a la familia alrededor de la mesa de Navidad. La soledad de Julio Matasanz, su marido, especialista en literatura medieval y prisionero de su ensimismamiento y sus costumbres. La soledad de Pedro, ahijado de ambos, y Myriam, su mujer, modernos Erec y Enide que se debaten entre su futuro y su presente en medio de la selva guatemalteca. Como en casi toda la obra de Vázquez Montalbán, vida y cultura no siempre se compaginan, y en este caso, como en la leyenda artúrica que da título al libro, propone la necesidad de construir las relaciones, de alimentarlas día tras día, para que los avatares de la existencia no acaben por destruir el amor.
520 ## - SUMARIO, ETC.
Sumario, etc. Three interwoven stories; three independent narratives that share and portray the same central theme: loneliness. The loneliness of Madrona, a woman from Barcelona’s upper bourgeoisie, in her attempts to reunite the family around the Christmas table. The loneliness of Julio Matasanz, her husband, a specialist in medieval literature, imprisoned by his introspection and routines. The loneliness of Pedro, their godson, and Myriam, his wife—modern-day Erec and Enide—caught between their future and present in the midst of the Guatemalan jungle.<br/><br/>As in much of Vázquez Montalbán’s work, life and culture do not always go hand in hand, and in this case—just as in the Arthurian legend that gives the book its title—the story suggests the need to build relationships and to nourish them day by day, so that the trials of life do not end up destroying love.
650 #0 - PUNTO DE ACCESO ADICIONAL DE MATERIA--TÉRMINO DE MATERIA
Término de materia o nombre geográfico como elemento de entrada Family relationships
Subdivisión de forma Fiction
942 ## - ELEMENTOS DE ENTRADA AGREGADA (KOHA)
Fuente del sistema de clasificación o colocación Clasificación de Library of Congress
Holdings
Estado de retiro Estado de pérdida Fuente del sistema de clasificación o colocación Estado dañado No para préstamo Biblioteca de origen Biblioteca actual Fecha de adquisición Total de préstamos Signatura topográfica completa Código de barras Fecha visto por última vez Número de copia Precio válido a partir de Tipo de ítem Koha
    Clasificación de Library of Congress     TBS Barcelona TBS Barcelona 14/05/2025   P-SP VAZ B02818 14/05/2025 1 14/05/2025 Book

Powered by Koha